| 000 | 01334 a2200229 4500 | ||
|---|---|---|---|
| 001 | 39885 | ||
| 005 | 20260407155655.0 | ||
| 008 | 260407a1987 arg spa d | ||
| 003 | AR-UNSa-BCEJYS | ||
| 040 |
_aAR-UNSa-BCEJYS _bspa _cAR-UNSa-BCEJYS |
||
| 080 |
_a657(083) _xResoluciones Técnicas Contables. Informes |
||
| 245 | 1 | 0 |
_aResolucion técnica Nº 6 _pEstados contables en moneda constante |
| 020 | _a950-537-086-5 | ||
| 250 | _a3a. ed. | ||
| 264 | 1 |
_aBuenos Aires : _bEdiciones Macchi _c1987 |
|
| 300 |
_a379 p. _c22 cm. |
||
| 505 | _a1. Esquema secuencial de reexpresión - 2. Reexpresión de activos y pasivos - 3. Metodología general - 4. Tratamiento para empresas que aplicaron el ajuste por inflación - 5. Tratamiento para empresas que no aplicaron el ajuste por inflación - 6. Comparación de alternativas de reexpresión al inicio - 7. Metodología general - 8. Balance general y estado de resultados, con tratamiento "global" de resultados financieros y por tenencia - 9. Balance general y estado de resultados con tratamiento "depurado" de resultados financieros y por tenencia - 10. Otros aspectos - 11. Solución simplificada. Ajuste global del estado de resultadost - 12. Caso general - | ||
| 041 | _aspa | ||
| 942 | _cBK | ||
| 590 | _aniveau_biblio:m niveau_hierar:0 | ||
| 100 | 1 | _aSenderovich, Pablo David | |
| 999 |
_c3119 _d3119 |
||